|
|
|
|
| LEADER |
00000nab a2200000 a 4500 |
| 001 |
vtls000712109 |
| 005 |
20260402150440.0 |
| 008 |
250429c1999 xo 0 cze |
| 015 |
|
|
|a SNBRB2000/01-00764
|
| 035 |
|
|
|a CLN000064276
|
| 035 |
|
|
|a urn:nbn:sk:snk-ab6o7f
|
| 035 |
|
|
|a (uuid)302b820a-9863-4d71-a118-3ce4fcbbb174
|
| 035 |
|
|
|a (urnnbn)urn:nbn:sk:snk:ar-005o9u
|
| 035 |
|
|
|a (sysno)vtls000712109
|
| 040 |
|
|
|a SNKBUCL
|b slo
|c SNKBUCL
|e AACR2
|
| 041 |
0 |
|
|a cze
|
| 044 |
|
|
|a xo
|c SK
|
| 080 |
|
|
|a 621.791.007:37:658.562
|2 1997
|
| 100 |
1 |
|
|a Barták, Jiří,
|d 1939 október 6.-
|4 aut
|9 1636105
|
| 245 |
1 |
0 |
|a Vzdělávání, zkoušky a certifikace personálu podílejícího se na výrobě svařovaných konstrukcí v České republice
|c Jiří Barták
|
| 300 |
|
|
|b Obr.
|
| 504 |
|
|
|a Bibliogr. odkazy
|
| 650 |
0 |
7 |
|a zváranie
|2 sbkbucl
|9 1839
|
| 650 |
0 |
7 |
|a certifikácia
|2 snkbucl
|9 4427
|
| 655 |
|
7 |
|a články z novín a časopisov
|2 snkbucl
|9 267496
|
| 773 |
0 |
|
|t Zváranie
|g Roč. 48, č. 6 (1999), s. 133-136
|x 0044-5525
|
| 852 |
|
|
|a Slovenská národná knižnica
|
| 954 |
|
|
|a odborná, vedecká literatúra pôvodná (slovenská)
|2 lita
|
| 954 |
|
|
|a odborná, vedecká literatúra cudzojazyčná (svetová)
|2 lita
|
| 958 |
|
|
|a article
|
| 958 |
|
|
|a OND
|
| 958 |
|
|
|a NB
|
| 958 |
|
|
|a EUIPO
|
| 999 |
|
|
|c 2873539
|d 2875469
|